000168003 001__ 168003 000168003 005__ 20260202145621.0 000168003 0247_ $$2doi$$a10.1016/j.semerg.2016.08.002 000168003 0248_ $$2sideral$$a147572 000168003 037__ $$aART-2017-147572 000168003 041__ $$aspa 000168003 100__ $$aLópez, V.J. 000168003 245__ $$aSíndrome de Vaughan-Jackson, a propósito de un caso 000168003 260__ $$c2017 000168003 540__ $$9info:eu-repo/semantics/closedAccess$$aAll rights reserved$$uhttp://www.europeana.eu/rights/rr-f/ 000168003 592__ $$a0.169$$b2017 000168003 593__ $$aFamily Practice$$c2017$$dQ3 000168003 593__ $$aPublic Health, Environmental and Occupational Health$$c2017$$dQ4 000168003 655_4 $$ainfo:eu-repo/semantics/article$$vinfo:eu-repo/semantics/publishedVersion 000168003 700__ $$aCruz, M. 000168003 700__ $$0(orcid)0000-0003-1114-4045$$aBallesteros, J.R. 000168003 773__ $$g43, 4 (2017), e43-e45$$pSemergen$$tSemergen$$x1138-3593 000168003 8564_ $$s765925$$uhttps://zaguan.unizar.es/record/168003/files/texto_completo.pdf$$yVersión publicada 000168003 8564_ $$s2914318$$uhttps://zaguan.unizar.es/record/168003/files/texto_completo.jpg?subformat=icon$$xicon$$yVersión publicada 000168003 909CO $$ooai:zaguan.unizar.es:168003$$particulos$$pdriver 000168003 951__ $$a2026-02-02-14:49:05 000168003 980__ $$aARTICLE